Dni tygodnia po Angielsku - Statystyki

Ogólne statystyki
  • Ten quiz został rozwiązany 283 razy
  • Średni wynik to 11 z 12
Statystyki odpowiedzi
Hint Odpowiedź % Poprawnych
maj May
95%
kwiecień April
91%
styczeń January
91%
lipiec July
91%
marzec March
90%
grudzień December
88%
czerwiec June
88%
listopad November
88%
pazdziernik October
86%
śierpień August
85%
wrześien September
85%
luty February
84%
Nie znaleziono quizów pasujących do podanych kryteriów
Rozkład punktacji
Procent ludzi z każdym wynikiem
Percentyl według liczby udzielonych odpowiedzi
Twoja historia wyników
Nie rozwiązałeś tego quizu